[Sieťová analýza]
Recenzia na vyssokoškolské skriptá , ktoré sú zamerané na konštrukciu, riešenie a aplikáciu matematických modelov založených na grafickom vyjadrení technicko-ekonomických úloh.
Gespeichert in:
| 1. Verfasser: | |
|---|---|
| Format: | Buchkapitel |
| Sprache: | Slowakisch |
| Schlagworte: | |
| Tags: |
Keine Tags, Fügen Sie das erste Tag hinzu!
|
MARC
| LEADER | 00000naa a2200000 4500 | ||
|---|---|---|---|
| 001 | 0172169 | ||
| 005 | 20240502072943.4 | ||
| 041 | 0 | |a slo | |
| 044 | |a SK | ||
| 245 | 1 | 0 | |a [Sieťová analýza] |c Marian Reiff |
| 520 | |a Recenzia na vyssokoškolské skriptá , ktoré sú zamerané na konštrukciu, riešenie a aplikáciu matematických modelov založených na grafickom vyjadrení technicko-ekonomických úloh. | ||
| 610 | 2 | 0 | |a teória grafov |
| 610 | 2 | 0 | |a algoritmy |
| 610 | 2 | 0 | |a analýza sieťová |
| 610 | 2 | 0 | |a recenzie |
| 100 | 1 | |a Reiff, Marian, 1978- | |